[Event "FRA-ch Blitz Online Qual"]
[Site "Europe Echecs INT"]
[Date "2020.05.16"]
[Round "4"]
[White "Monnot, Leo"]
[Black "De Monts, Louis"]
[Result "1-0"]
[WhiteElo "1964"]
[BlackElo "1630"]
[PlyCount "97"]
[EventDate "2020.05.16"]
[EventType "swiss (blitz)"]
[EventRounds "15"]
[EventCountry "FRA"]
[SourceTitle "CBM 196 Extra"]
[Source "ChessBase"]
[SourceDate "2020.07.31"]
[SourceVersion "1"]
[SourceVersionDate "2020.07.31"]
[SourceQuality "1"]

1. e4 c5 2. Nf3 g6 3. d4 cxd4 4. Qxd4 Nf6 5. e5 Nc6 6. Qd1 Nxe5 7. Nc3 Nxf3+ 8. Qxf3 Bg7 9. Bd3 0-0 10. h4 h5 11. Bg5 Qb6 12. 0-0-0 a5 13. Qf4 d5 14. f3 a4 15. Nxa4 Qa7 16. Nc3 d4 17. Bxf6 exf6 18. Nd5 Qxa2 19. Nxf6+ Kh8 20. Qg5 Qa1+ 21. Kd2 Qxb2 22. Nxh5 Qc3+ 23. Ke2 Re8+ 24. Kf2 Ra2 25. Nxg7 Kxg7 26. h5 Rxc2+ 27. Bxc2 Qxc2+ 28. Kg3 Qf5 29. Qxf5 Bxf5 30. Rxd4 b5 31. hxg6 Bxg6 32. Rb4 Rb8 33. Rc1 Bd3 34. Rg4+ Kf6 35. Rc5 b4 36. Rd4 Bf5 37. Rc6+ Be6 38. Rd2 b3 39. Rb2 Ke5 40. Rc1 Kd4 41. Kf2 Bc4 42. Rd2+ Kc5 43. Ke3 Kb4 44. Rd4 Rc8 45. Kd2 Ka3 46. Rcxc4 Rxc4 47. Rxc4 b2 48. Kc2 Ka2 49. Ra4# 1-0

[Event "FRA-ch Blitz Online Qual"]
[Site "Europe Echecs INT"]
[Date "2020.05.16"]
[Round "6"]
[White "Monnot, Leo"]
[Black "Gordon, James"]
[Result "0-1"]
[WhiteElo "1964"]
[BlackElo "1775"]
[PlyCount "124"]
[EventDate "2020.05.16"]
[EventType "swiss (blitz)"]
[EventRounds "15"]
[EventCountry "FRA"]
[SourceTitle "CBM 196 Extra"]
[Source "ChessBase"]
[SourceDate "2020.07.31"]
[SourceVersion "1"]
[SourceVersionDate "2020.07.31"]
[SourceQuality "1"]

1. e4 d6 2. d4 Nf6 3. Nc3 Nbd7 4. Nf3 e5 5. Bc4 Be7 6. 0-0 c6 7. a4 Qc7 8. Re1 h6 9. b3 Nf8 10. Ba3 Ng6 11. dxe5 dxe5 12. Bxe7 Qxe7 13. Qc1 Bg4 14. Qe3 0-0 15. Ne2 Rfd8 16. Ng3 Nf4 17. Nf5 Qc7 18. Qc5 Bxf3 19. gxf3 Ng6 20. Kh1 b6 21. Qe3 Kh7 22. Rg1 Rg8 23. Rad1 Nf4 24. Rg3 g6 25. Nd6 Raf8 26. Rgg1 N6h5 27. Bf1 Rd8 28. Nc4 Rxd1 29. Nd2 Qd6 30. Nc4 Qd4 31. Qxd4 exd4 32. Nb2 Rd2 33. Nc4 Rxf2 34. Bd3 Nh3 35. Rf1 Rxf1+ 36. Bxf1 N3f4 37. Nd6 Kg7 38. Nc4 c5 39. a5 Rb8 40. a6 Ne6 41. Ne5 Rc8 42. Bb5 Nhf4 43. Bd7 Rc7 44. Bb5 f6 45. Nc6 d3 46. cxd3 Nxd3 47. Bxd3 Rxc6 48. Bb5 Rc7 49. Kg2 Nd4 50. Kf2 Nxb5 51. Ke3 Rd7 52. Ke2 Kf7 53. Ke3 g5 54. Ke2 Ke6 55. Ke3 Ke5 56. Ke2 Rd4 57. Kf2 Rd2+ 58. Ke1 Rxh2 59. Kf1 Kf4 60. Kg1 Rb2 61. b4 Kg3 62. Kh1 Rb1# 0-1

[Event "FRA-ch Blitz Online Qual"]
[Site "Europe Echecs INT"]
[Date "2020.05.16"]
[Round "10"]
[White "Monnot, Leo"]
[Black "Schrefheere, Anthime"]
[Result "1-0"]
[WhiteElo "1964"]
[BlackElo "1750"]
[PlyCount "79"]
[EventDate "2020.05.16"]
[EventType "swiss (blitz)"]
[EventRounds "15"]
[EventCountry "FRA"]
[SourceTitle "CBM 196 Extra"]
[Source "ChessBase"]
[SourceDate "2020.07.31"]
[SourceVersion "1"]
[SourceVersionDate "2020.07.31"]
[SourceQuality "1"]

1. e4 d6 2. d4 Nf6 3. Nc3 g6 4. Nf3 Bg7 5. Be2 c6 6. 0-0 0-0 7. Bg5 Nbd7 8. Qd2 Re8 9. Rad1 Qc7 10. Bh6 Bh8 11. Qg5 e5 12. dxe5 Nxe5 13. Nxe5 Rxe5 14. Qg3 Nxe4 15. Nxe4 Rxe4 16. Rxd6 Qe7 17. Bd3 Re6 18. Rxe6 Bxe6 19. f4 f5 20. h4 Re8 21. h5 Bf7 22. Kh1 Qe3 23. Qg5 Bg7 24. Bxg7 Kxg7 25. h6+ Kf8 26. Qf6 b5 27. Qg7+ Ke7 28. Qxh7 Rg8 29. a4 a6 30. axb5 axb5 31. Ra1 Kf6 32. Ra6 Qe1+ 33. Kh2 Qh4+ 34. Kg1 Qe1+ 35. Bf1 Qe3+ 36. Kh1 Qe4 37. Ra7 Qd5 38. Be2 Qe6 39. b3 Qd5 40. c4 1-0

[Event "FRA-ch Blitz Online Qual"]
[Site "Europe Echecs INT"]
[Date "2020.05.16"]
[Round "3"]
[White "Reuillon, Hadrien"]
[Black "Monnot, Leo"]
[Result "0-1"]
[WhiteElo "1817"]
[BlackElo "1964"]
[PlyCount "104"]
[EventDate "2020.05.16"]
[EventType "swiss (blitz)"]
[EventRounds "15"]
[EventCountry "FRA"]
[SourceTitle "CBM 196 Extra"]
[Source "ChessBase"]
[SourceDate "2020.07.31"]
[SourceVersion "1"]
[SourceVersionDate "2020.07.31"]
[SourceQuality "1"]

1. e4 e5 2. Nf3 Nc6 3. Bc4 Nf6 4. Ng5 d5 5. exd5 Na5 6. Bb5+ c6 7. dxc6 bxc6 8. Qf3 Be7 9. 0-0 0-0 10. Nc3 h6 11. Nh3 Bxh3 12. gxh3 cxb5 13. Kh1 Qc8 14. d3 Qb7 15. Ne4 Nxe4 16. dxe4 f5 17. Rg1 Qxe4 18. Qxe4 fxe4 19. Bxh6 Bf6 20. Be3 Nc4 21. Bc5 Rfc8 22. b4 a5 23. c3 e3 24. fxe3 e4 25. Rg4 axb4 26. Bxb4 Nxe3 27. Rxe4 Nc2 28. Rg1 Nxb4 29. Rxb4 Rxa2 30. Rxb5 Rxc3 31. Rf5 Rxh3 32. Rg2 Ra1+ 33. Rg1 Rxg1+ 34. Kxg1 Kf7 35. Kg2 Ra3 36. h3 g6 37. Rb5 Ke6 38. Rb6+ Kf5 39. Rb5+ Be5 40. Rc5 Rg3+ 41. Kf2 Rxh3 42. Rc6 g5 43. Kg2 g4 44. Rc8 Rh2+ 45. Kg1 g3 46. Rf8+ Ke4 47. Rg8 Bd4+ 48. Kf1 Rf2+ 49. Ke1 g2 50. Rg4+ Kf3 51. Rg8 Rf1+ 52. Kd2 g1Q 0-1

[Event "FRA-chT U20 Top"]
[Site "Bischwiller"]
[Date "2016.05.14"]
[Round "1"]
[White "Gachon, Maxence"]
[Black "Monnot, Leo"]
[Result "1/2-1/2"]
[WhiteElo "1575"]
[BlackElo "1705"]
[PlyCount "113"]
[EventDate "2016.05.14"]
[EventType "tourn"]
[EventRounds "11"]
[EventCountry "FRA"]
[SourceTitle "EXT 2019"]
[Source "ChessBase"]
[SourceDate "2018.10.10"]
[SourceVersion "1"]
[SourceVersionDate "2018.10.10"]
[SourceQuality "1"]

1. e4 e5 2. Nf3 Nc6 3. d4 exd4 4. Nxd4 Bb4+ 5. c3 Bc5 6. Be3 Bb6 7. Nf5 Bxe3 8. Nxe3 Nge7 9. c4 0-0 10. Bd3 d6 11. Nc3 Kh8 12. 0-0 f5 13. exf5 Nxf5 14. Bxf5 Bxf5 15. Qd5 Qd7 16. Rad1 Be6 17. Qd2 Ne5 18. c5 dxc5 19. Qxd7 Nxd7 20. Nb5 Rfc8 21. Nd5 c6 22. Ndc7 cxb5 23. Nxa8 Rxa8 24. Rfe1 Bf5 25. Rd5 Rf8 26. Re7 g6 27. Rxf5 Rxf5 28. Rxd7 a6 29. Kf1 Re5 30. Rxb7 Re4 31. Rb6 Rc4 32. Ke1 Rc2 33. b4 cxb4 34. Rxa6 b3 35. axb3 Rb2 36. b4 Rxb4 37. Ra2 Kg7 38. Kd2 Kf6 39. Kc3 Rb1 40. Re2 Kf5 41. f3 h5 42. g3 g5 43. Rd2 Rf1 44. Rd5+ Kf6 45. Rxb5 Rxf3+ 46. Kc4 Rf2 47. Rb6+ Kf5 48. h3 Rg2 49. Rb5+ Kf6 50. Rb6+ Kg7 51. Rb3 h4 52. gxh4 gxh4 53. Re3 Kg6 54. Kd4 Kg5 55. Rf3 Re2 56. Kd3 Ra2 57. Re3 1/2-1/2

[Event "FRA-chT U16"]
[Site "Dieppe"]
[Date "2015.??.??"]
[Round "?"]
[White "Soreda, Matheo"]
[Black "Monnot, Leo"]
[Result "0-1"]
[WhiteElo "1657"]
[BlackElo "1614"]
[PlyCount "73"]
[EventDate "2015.05.??"]
[EventType "team-tourn"]
[EventRounds "6"]
[EventCountry "FRA"]
[SourceTitle "EXT 2016"]
[Source "ChessBase"]
[SourceDate "2015.10.08"]
[SourceVersion "1"]
[SourceVersionDate "2015.10.08"]
[SourceQuality "1"]

1. e4 e5 2. Nf3 Nc6 3. Nc3 Nf6 4. Bb5 Bb4 5. d3 d6 6. Bg5 Bxc3+ 7. bxc3 0-0 8. 0-0 Qe7 9. Nh4 h6 10. Bxf6 Qxf6 11. Qh5 Qf4 12. Nf3 Ne7 13. Qh4 Ng6 14. Qxf4 Nxf4 15. Rfe1 f5 16. Bc4+ Kh7 17. g3 Nh3+ 18. Kg2 fxe4 19. Rxe4 g5 20. Rf1 g4 21. Ng1 Ng5 22. Re3 Bd7 23. Bd5 c6 24. Be4+ Kg7 25. d4 Be6 26. a3 Nxe4 27. Rxe4 Bd5 28. Rfe1 exd4 29. cxd4 Rae8 30. f3 gxf3+ 31. Nxf3 Bxe4 32. Re3 Bxf3+ 33. Rxf3 Re2+ 34. Kf1 Rxf3+ 35. Kxe2 Rxa3 36. Kd2 Kg6 37. Ke1 0-1

[Event "FRA-chT U20"]
[Site "Colmar"]
[Date "2013.12.07"]
[Round "?"]
[White "Meyer, Nicolas"]
[Black "Monnot, Leo"]
[Result "0-1"]
[WhiteElo "1300"]
[BlackElo "1404"]
[PlyCount "110"]
[EventDate "2013.12.07"]
[EventType "swiss"]
[EventRounds "6"]
[EventCountry "FRA"]
[SourceTitle "EXT 2015"]
[Source "ChessBase"]
[SourceDate "2014.11.20"]
[SourceVersion "1"]
[SourceVersionDate "2014.11.20"]
[SourceQuality "1"]

1. e4 e5 2. Nf3 Nc6 3. d4 exd4 4. Bc4 Nf6 5. 0-0 d5 6. exd5 Nxd5 7. Re1+ Be7 8. Nxd4 0-0 9. Nf3 Be6 10. Bd2 Bg4 11. Bh6 Nb6 12. Qxd8 Raxd8 13. Bb5 Bf6 14. Bxc6 bxc6 15. Be3 Bxb2 16. Nbd2 Bxa1 17. Rxa1 f6 18. Nd4 Nd5 19. N2f3 Nxe3 20. fxe3 Rd7 21. h3 Bh5 22. g4 Bg6 23. Rc1 Re8 24. Kf2 Red8 25. Ke2 Bf7 26. Nb3 Bc4+ 27. Ke1 Kf7 28. e4 Re7 29. Nfd2 Bd5 30. Nc5 Bxa2 31. Ra1 Bd5 32. Rxa7 g6 33. Kf2 Ba2 34. Rxa2 Rxd2+ 35. Ke3 Rh2 36. Kd4 Rxh3 37. Ra6 Rh4 38. Rxc6 Rxg4 39. Ra6 f5 40. Ra3 fxe4 41. Re3 Kf6 42. c4 h5 43. Nxe4+ Kf5 44. Rf3+ Rf4 45. Rxf4+ Kxf4 46. Kd5 Rxe4 47. c5 h4 48. Kc6 h3 49. Kxc7 h2 50. c6 h1Q 51. Kb7 g5 52. c7 Rb4+ 53. Kc8 Qh7 54. Kd8 Rb7 55. c8Q Qe7# 0-1